| 000 | 00798nam a22002297a 4500 | ||
|---|---|---|---|
| 003 | LK-CoMWRAF | ||
| 005 | 20231213113509.0 | ||
| 008 | 231213b2001 |||||||| |||| 00| 0 eng d | ||
| 020 | _a9555820872 | ||
| 040 |
_aLK-CoMWRAF _dLK-CoMWRAF _eLK-CoMWRAF |
||
| 041 | _aeng | ||
| 082 |
_a305.8 _bMAC |
||
| 100 | _aMcGilvray, Dennis B. | ||
| 130 | _aA history of ethnic conflict in Sri Lanka: recollection, reinterpretation & reconciliation | ||
| 245 | _a Tamil and Muslim identities in the East | ||
| 260 |
_aColombo: _bMarga Institute, _c 2001 |
||
| 300 |
_a37 p. ; 23 cm _bBibliography included |
||
| 490 |
_aMarga monograph series on ethnic reconciliation _vno. 24 |
||
| 650 | _aMuslims- Sri Lanka- Ethnic identity | ||
| 650 | _aTamil (Indic people-) Sri Lanka- Ethnic identity | ||
| 942 | _cBK | ||
| 999 |
_c4398 _d4398 |
||